Statistics for Political parties

Click here to take the quiz!

General Stats

  • This quiz has been taken 18 times
  • The average score is 7 of 13

Answer Stats

Hint Answer % Correct
House of Commons - 330 seatsConservative
94%
House of Commons - 232Labour
94%
House of Commons - 8Liberal Democrats
81%
House of Commons - 4Sinn fein
75%
House of Commons - 56Scottish National party
69%
House of Commons - 1Green
69%
House of Commons - 1UK Independance
63%
House of Commons - 8Democratic Unionist party
56%
House of Commons - 3Plaid Cymru
50%
House of Commons - 2Ulster Unionist party
31%
House of Commons - 3Social, Democratc and Labour
13%
Northern Ireland Assembly - 1Traditional Unionist Voice
13%
Northern Ireland Assembly - 1Alliance
13%

Score Distribution

Percentile by Number Answered

Percent of People with Each Score

Your Score History

You have not taken this quiz